Central Library OPAC University of Rajshahi
Normal view MARC view

Entry Personal Name

Number of records used in: 3

001 - CONTROL NUMBER

  • control field: 5749

003 - CONTROL NUMBER IDENTIFIER

  • control field: BD-RjUL

005 - DATE AND TIME OF LATEST TRANSACTION

  • control field: 20221108113613.0

008 - FIXED-LENGTH DATA ELEMENTS

  • fixed length control field: 221108|| aca||aabn | a|a d

040 ## - CATALOGING SOURCE

  • Original cataloging agency: BD-RjUL
  • Transcribing agency: BD-RjUL

100 ## - HEADING--PERSONAL NAME

  • Personal name: Swinburne, Algernon Charles,
  • Dates associated with a name: 1837-1909

670 ## - SOURCE DATA FOUND

  • Source citation: Work cat.: (BD-RjUL)80728: Swinburne, Algernon Charles, 1837-1909., The tragedies of Algernon Charles Swinburne /, 1905.